Loading...
Science - Other Science | 0 | 5 | 0 | 1 | 50 | 33 | 45.20 | 0 | 5 |
Mythology | 0 | 5 | 0 | 0 | 50 | 16 | 54.20 | 1 | 4 |
Philosophy | 0 | 3 | 0 | 0 | 30 | 41 | 74.67 | 0 | 1 |
Science - Physics | 0 | 2 | 0 | 0 | 20 | 19 | 22.50 | 1 | 2 |
Painting/Sculpture | 0 | 2 | 0 | 1 | 20 | 84 | 100.00 | 0 | 1 |
Pop Culture | 0 | 2 | 0 | 0 | 20 | 27 | 38.00 | 0 | 1 |
Social Science | 0 | 1 | 0 | 1 | 10 | 105 | 105.00 | 0 | 0 |
Fine Arts - Other Fine Arts | 0 | 1 | 0 | 0 | 10 | 57 | 57.00 | 0 | 0 |
Geography | 0 | 1 | 0 | 0 | 10 | 105 | 105.00 | 0 | 0 |
History - American History | 0 | 1 | 0 | 0 | 10 | 20 | 20.00 | 1 | 1 |
History - Other History | 0 | 1 | 0 | 0 | 10 | 100 | 100.00 | 0 | 0 |
Literature - American Literature | 0 | 1 | 0 | 0 | 10 | 75 | 75.00 | 0 | 0 |
Science - Biology | 0 | 1 | 0 | 0 | 10 | 68 | 68.00 | 0 | 0 |
Current Events | 0 | 1 | 0 | 1 | 10 | 77 | 77.00 | 0 | 1 |
Religion | 0 | 1 | 1 | 0 | 5 | 92 | 92.00 | 0 | 0 |
History - World History | 0 | 1 | 1 | 0 | 5 | 36 | 36.00 | 0 | 1 |
Literature - British Literature | 0 | 0 | 1 | 0 | -5 | 0.00 | 0 | 0 |